000
00290nam a22001217a 4500
003
SGT
082
_a
616.89
_b
C13M
100
_a
MC CONAUGHY, S.H.
245
_a
CLINICAL INTERVIEWS FOR CHILDREN & ADOLESCENTS
260
_a
NEW YORK
_b
THE GUILFORD
_c
2013
300
_a
272
942
_2
ddc
_c
BK
999
_c
15031
_d
15031